Most Expensive Football Transfers in 2017/18 - Statistics

General Stats
  • This quiz has been taken 491 times
    463 since last reset
  • The average score is 16 of 30
Answer Stats
Transfer Fee From To Player % Correct
€222,000,000 Barcelona Paris SG Neymar Jr
100%
€105,000,000 Borussia Dortmund Barcelona Ousmane Dembele
96%
€84,700,000 Everton Manchester United Romelu Lukaku
86%
€53,000,000 Lyon Arsenal Alexandre Lacazette
81%
€38,000,000 Porto AC Milan Andre Silva
80%
€50,000,000 Monaco Manchester City Bernando Silva
80%
€51,000,000 Tottenham Manchester City Kyle Walker
76%
€42,000,000 AS Roma Liverpool Mohamed Salah
73%
€57,500,000 Monaco Manchester City Benjamin Mendy
70%
€62,000,000 Real Madrid Chelsea Alvaro Morata
69%
€42,000,000 Juventus AC Milan Leonardo Bonucci
62%
€44,700,000 Chelsea Manchester United Nemanja Matic
62%
€40,000,000 Guangzhou Evergrande Barcelona Paulinho
62%
€41,500,000 Lyon Bayern Munich Corentin Tolisso
58%
€49,400,000 Swansea City Everton Gylfi Sigurdsson
55%
€40,000,000 Benfica Manchester City Ederson
51%
€40,000,000 Monaco Chelsea Tiemoué Bakayoko
50%
€40,000,000 Ajax Tottenham Davinson Sanchez
43%
€35,000,000 AS Roma Chelsea Antonio Rüdiger
37%
€30,000,000 Real Madrid Manchester City Danilo
36%
€35,000,000 Benfica Manchester United Victor Lindelöf
36%
€28,500,000 Sunderland Everton Jordan Pickford
32%
€27,700,000 Manchester City Leicester City Kelechi Iheanacho
31%
€40,000,000 Fiorentina Juventus Federico Bernardeschi
30%
€30,500,000 Benfica Barcelona Nelson Semedo
29%
€27,000,000 Ajax Everton Davy Klaassen
27%
€28,500,000 Burnley Everton Michael Keane
27%
€30,000,000 Atletico Madrid Real Madrid Theo Hernandez
27%
€36,000,000 Sevilla Atletico Madrid Vitolo
12%
€25,000,000 Atalanta AC Milan Andrea Conti
8%
No matching quizzes found
Score Distribution
Percent of People with Each Score
Percentile by Number Answered
Your Score History
You have not taken this quiz since the last reset